[Event "XXXIX Benasque Open 2019"]
[Site "Benasque"]
[Date "2019.07.09"]
[Round "6.10"]
[White "Plazuelo Pascual, Juan"]
[Black "Martinez Alcantara, Jose Eduardo"]
[Result "0-1"]
[WhiteElo "2403"]
[BlackElo "2601"]
[Annotator "RC"]
[PlyCount "222"]
[EventDate "2019.07.04"]
[EventType "swiss"]
[EventCountry "ESP"]
[SourceTitle "playchess.com"]
[Source "ChessBase"]
[SourceQuality "1"]
[TimeControl "5400+30"]

1. d4 {[%emt 0:00:00]} f5 {[%emt 0:01:13]} 2. Bg5 {[%emt 0:02:14]} Nf6 {[%emt 0:01:38]} 3. Nd2 {[%emt 0:03:44]} d5 {[%emt 0:01:43]} 4. Bxf6 {[%emt 0:00:56]} exf6 {[%emt 0:00:05]} 5. e3 {[%emt 0:01:00]} Be6 {[%emt 0:03:36]} 6. Bd3 {[%emt 0:03:49]} Nc6 {[%emt 0:06:12]} 7. c3 {[%emt 0:02:30]} Bd6 {[%emt 0:03:26]} 8. Ne2 {[%emt 0:03:16]} Qd7 {[%emt 0:01:50]} 9. Qc2 {[%emt 0:09:28]} g6 {[%emt 0:02:49]} 10. h4 {[%emt 0:01:40]} a6 {[%emt 0:04:35]} 11. a3 {[%emt 0:08:30]} Ne7 {[%emt 0:03:56]} 12. c4 {[%emt 0:06:06]} c6 {[%emt 0:00:23]} 13. O-O-O {[%emt 0:03:12]} b5 {[%emt 0:04:42]} 14. c5 {[%emt 0:00:28]} Bc7 {[%emt 0:00:14]} 15. b3 {[%emt 0:03:26]} h5 {[%emt 0:01:57]} 16. g3 {[%emt 0:04:27]} Ng8 {[%emt 0:00:32]} 17. Nf4 {[%emt 0:00:55]} Bf7 {[%emt 0:00:13]} 18. Rde1 {[%emt 0:08:27]} Nh6 {[%emt 0:02:18]} 19. Kb2 {[%emt 0:00:14]} Kf8 {[%emt 0:01:57]} 20. Re2 {[%emt 0:02:48]} Re8 {[%emt 0:00:27]} 21. Nf3 {[%emt 0:00:50]} Ng4 {[%emt 0:02:41]} 22. Ree1 {[%emt 0:02:56]} Ba5 {[%emt 0:01:40]} 23. Ref1 {[%emt 0:01:47]} Kg7 {[%emt 0:01:31]} 24. Nh2 {[%emt 0:00:35]} Nh6 {[%emt 0:00:37]} 25. Nf3 {[%emt 0:00:08]} Re7 {[%emt 0:00:10]} 26. Rhg1 {[%emt 0:02:21]} Ng4 {[%emt 0:03:04]} 27. Rg2 {[%emt 0:02:15]} Qe8 {[%emt 0:03:04]} 28. Nh2 {[%emt 0:01:13]} Bc7 {[%emt 0:03:48]} 29. Nxg4 {[%emt 0:04:10]} fxg4 {[%emt 0:00:12]} 30. Rgg1 {[%emt 0:00:25]} a5 {[%emt 0:03:49]} 31. Ng2 {[%emt 0:01:11]} Rf8 {[%emt 0:06:26]} 32. Qe2 {[%emt 0:00:40]} Re4 {[%emt 0:05:13]} 33. Re1 {[%emt 0:00:42]} g5 {[%emt 0:00:36]} 34. Rgf1 {[%emt 0:04:37]} Qe6 {[%emt 0:03:44]} 35. Qd1 {[%emt 0:01:03]} Ra8 {[%emt 0:00:51]} 36. Re2 {[%emt 0:00:29]} Bg6 {[%emt 0:01:14]} 37. Rd2 {[%emt 0:00:28]} Qf5 {[%emt 0:01:52]} 38. Re2 {[%emt 0:00:06]} Ra7 {[%emt 0:01:48]} 39. Kc2 {[%emt 0:00:38]} Bd8 {[%emt 0:00:08]} 40. Rg1 {[%emt 0:04:53]} Rae7 {[%emt 0:00:15]} 41. Rd2 {[%emt 0:00:05]} Bc7 {[%emt 0:01:04]} 42. Kc1 {[%emt 0:00:31]} Re8 {[%emt 0:01:13]} 43. Bc2 {[%emt 0:00:31]} Qe6 {[%emt 0:00:53]} 44. Bd3 {[%emt 0:00:15]} Qg8 {[%emt 0:00:21]} 45. Re1 {[%emt 0:00:30]} Bd8 {[%emt 0:01:13]} 46. Rf1 {[%emt 0:00:21]} Qh7 {[%emt 0:00:20]} 47. Rh1 {[%emt 0:00:30]} Be7 {[%emt 0:00:44]} 48. Kb2 {[%emt 0:00:40]} Bf8 {[%emt 0:00:36]} 49. Kc1 {[%emt 0:00:15]} Kg8 {[%emt 0:00:46]} 50. Bc2 {[%emt 0:00:24]} Qa7 {[%emt 0:01:03]} 51. Kb2 {[%emt 0:01:41]} Bg7 {[%emt 0:06:28]} 52. Ka2 {[%emt 0:00:18]} Qd7 {[%emt 0:00:41]} 53. Bd3 {[%emt 0:01:01]} Qf7 {[%emt 0:01:52]} 54. Rg1 {[%emt 0:00:32]} Bh6 {[%emt 0:00:05]} 55. Bc2 {[%emt 0:00:40]} Bh7 {[%emt 0:01:23]} 56. Rh1 {[%emt 0:00:18]} Kh8 {[%emt 0:03:49]} 57. Kb2 {[%emt 0:00:27]} b4 {[%emt 0:00:34]} 58. a4 {[%emt 0:00:15]} Kg7 {[%emt 0:01:17]} 59. Ka2 {[%emt 0:00:20]} Bg6 {[%emt 0:01:07]} 60. Kb2 {[%emt 0:00:18]} Qe6 {[%emt 0:00:01]} 61. Bd3 {[%emt 0:01:15]} Re7 {[%emt 0:03:05]} 62. Bc2 {[%emt 0:00:37]} Qf5 {[%emt 0:01:44]} 63. Rg1 {[%emt 0:00:21]} Kf7 {[%emt 0:01:17]} 64. Bd3 {[%emt 0:00:12]} Kf8 {[%emt 0:00:48]} 65. Ka2 {[%emt 0:00:45]} Bf7 {[%emt 0:00:17]} 66. Kb2 {[%emt 0:00:20]} Qf3 {[%emt 0:01:23]} 67. Re2 {[%emt 0:02:11]} Bg6 {[%emt 0:00:24]} 68. Rd2 {[%emt 0:00:55]} Bh7 {[%emt 0:00:40]} 69. Ka1 {[%emt 0:00:59]} Kg7 {[%emt 0:01:19]} 70. Qc2 {[%emt 0:00:23]} Re8 {[%emt 0:00:22]} 71. Ne1 {[%emt 0:00:21]} Qf5 {[%emt 0:00:11]} 72. Ng2 {[%emt 0:00:10]} Qd7 {[%emt 0:00:46]} 73. Rh1 {[%emt 0:00:21]} Qf7 {[%emt 0:00:14]} 74. Kb2 {[%emt 0:00:32]} Rh8 {[%emt 0:00:22]} 75. Ka2 {[%emt 0:00:14]} Qe8 {[%emt 0:00:55]} 76. Kb2 {[%emt 0:00:24]} Bg6 {[%emt 0:00:56]} 77. Ka2 {[%emt 0:00:18]} Qf7 {[%emt 0:00:05]} 78. Kb2 {[%emt 0:00:15]} Bh7 {[%emt 0:00:14]} 79. Ka2 {[%emt 0:00:27]} Rhe8 {[%emt 0:00:07]} 80. Kb2 {[%emt 0:00:41]} gxh4 {[%emt 0:00:47]} 81. Rxh4 {[%emt 0:00:39]} Bg6 {[%emt 0:01:12]} 82. Rh1 {[%emt 0:00:07]} Bg5 {[%emt 0:00:41]} 83. Nh4 {[%emt 0:00:39]} Bh7 {[%emt 0:00:04]} 84. Ng2 {[%emt 0:00:02]} Rh8 {[%emt 0:00:29]} 85. Qd1 {[%emt 0:00:31]} Ree8 {[%emt 0:01:09]} 86. Bxh7 {[%emt 0:00:39]} Rxh7 {[%emt 0:00:01]} 87. Qc2 {[%emt 0:00:26]} Qg6 {[%emt 0:00:13]} 88. Qxg6+ {[%emt 0:00:43]} Kxg6 {[%emt 0:00:01]} 89. Kc2 {[%emt 0:00:30]} h4 {[%emt 0:01:12]} 90. gxh4 {[%emt 0:01:08]} Reh8 {[%emt 0:00:13]} 91. Rg1 {[%emt 0:00:29]} Bxh4 {[%emt 0:00:09]} 92. f3 {[%emt 0:00:01]} Bg3 {[%emt 0:01:18]} 93. fxg4 {[%emt 0:02:23]} Re8 {[%emt 0:01:02]} 94. Rf1 {[%emt 0:00:16]} Re4 {[%emt 0:00:16]} 95. Nf4+ {[%emt 0:02:11]} Bxf4 {[%emt 0:00:01]} 96. Rxf4 {[%emt 0:00:08]} Rxe3 {[%emt 0:00:13]} 97. Rdf2 {[%emt 0:00:04]} Re6 {[%emt 0:00:39]} 98. Kd3 {[%emt 0:00:49]} Rh3+ {[%emt 0:00:24]} 99. Kc2 {[%emt 0:00:01]} Rc3+ {[%emt 0:00:31]} 100. Kb2 {[%emt 0:00:25]} Rg3 {[%emt 0:00:01]} 101. Kc2 {[%emt 0:00:05]} Rc3+ {[%emt 0:00:11]} 102. Kb2 {[%emt 0:00:01]} Kg7 {[%emt 0:00:27]} 103. Rf5 {[%emt 0:00:49]} Rg3 {[%emt 0:00:48]} 104. R5f4 {[%emt 0:00:11]} Ree3 {[%emt 0:00:50]} 105. Rxf6 {[%emt 0:00:11]} Rxb3+ {[%emt 0:00:01]} 106. Kc2 {[%emt 0:03:11]} Rgc3+ {[%emt 0:00:02]} 107. Kd1 {[%emt 0:00:21]} Rb1+ {[%emt 0:00:32]} 108. Kd2 {[%emt 0:00:06]} Rb2+ {[%emt 0:00:07]} 109. Kd1 {[%emt 0:00:52]} Rd3+ {[%emt 0:00:19]} 110. Kc1 {[%emt 0:01:34]} Rxf2 {[%emt 0:00:03]} 111. Rxf2 {[%emt 0:00:02]} Rxd4 {[%emt 0:00:03]} 0-1

[Event "XXXIX Benasque Open 2019"]
[Site "Benasque"]
[Date "2019.07.10"]
[Round "7.1"]
[White "Lopez Mulet, Inigo"]
[Black "Indjic, Aleksandar"]
[Result "1/2-1/2"]
[WhiteElo "2378"]
[BlackElo "2604"]
[Annotator "TA"]
[PlyCount "169"]
[EventDate "2019.07.04"]
[EventType "swiss"]
[EventCountry "ESP"]
[SourceTitle "playchess.com"]
[Source "ChessBase"]
[SourceQuality "1"]

{[%evp 23,169,0,12,0,0,0,0,-15,-6,-39,-20,-36,-50,-90,-92,-104,-94,-94,-87,-86,-84,-77,-85,-122,-122,-112,-117,-237,-220,-235,-216,-213,-200,-269,-233,-214,-204,-197,-185,-183,-152,-158,-18,-18,-18,-18,-17,-18,-16,-9,-9,-16,-17,-36,-34,-80,-38,-110,-89,-118,-118,-123,-97,-100,-35,-40,0,-97,-97,-97,0,0,0,0,0,0,0,0,0,0,11,12,6,10,10,-12,0,0,0,0,12,12,14,0,0,0,0,0,0,0,15,0,8,2,15,0,0,0,0,0,0,0,0,0,0,0,104,104,107,80,148,148,151,151,151,151,150,150,122,0,0,-8,-8,-8,-8,-8,-8,-8,-8,-8,-8,-8,-8,-8,0,-8,0,-8]} 1. d4 Nf6 2. c4 e6 3. g3 c5 4. d5 exd5 5. cxd5 d6 6. Nc3 g6 7. Bg2 Bg7 8. Nf3 O-O 9. O-O Re8 10. Re1 a6 11. a4 Nbd7 12. e4 Ng4 13. Nh4 {A63: Modern Benoni: Fianchetto Variation: 9...Nbd7} (13. Nd2 Nge5 14. Bf1 Nf8 15. a5 g5 16. f4 gxf4 17. gxf4 Ng4 18. Nf3 f5 19. h3 fxe4 20. Nxe4 Nf6 {½-½ (34) Ding,L (2755)-Grischuk,A (2794) Tsaghkadzor 2015}) 13... Nge5 14. f4 Nc4 15. Nf3 Rb8 16. Qc2 {[#]} Na5 $146 ({Predecessor:} 16... Qa5 17. Ra2 Bd4+ 18. Kh1 Nf6 19. Qd3 Bxc3 20. bxc3 b5 {1-0 (34) Ligterink,G (2440)-Short,N (2510) Plovdiv 1983}) 17. e5 dxe5 18. d6 Nc6 19. Nd5 Re6 $1 20. fxe5 Ndxe5 21. Nxe5 Rxe5 22. Bf4 Bf5 23. Qd2 Qxd6 24. Bxe5 Bxe5 25. Qg5 (25. Kh1 $17) 25... Bxb2 $19 26. Rad1 Kg7 27. Kh1 Bd4 28. Nf4 f6 29. Nh5+ Kf7 30. Qf4 Rd8 31. Qf1 Bg4 32. Nf4 Bxd1 (32... Kg7 $17 33. Rb1 Rd7) 33. Qc4+ $11 Kg7 34. Ne6+ Kh8 35. Nxd8 Qxd8 ({Of course not} 35... Nxd8 $6 36. Re8+ Kg7 37. Rg8+ Kh6 38. Qc1+ g5 39. Qxd1 $14) 36. Rxd1 {And now Bxc6 would win.} Qe7 37. Qd5 f5 38. Rb1 Kg7 39. Qf3 h5 40. Qf4 (40. Qb3 $1 $15 Nb4 41. a5) 40... Nb4 41. Qd2 a5 42. Re1 Qd7 43. Qe2 Kf6 (43... Bf6 $17 44. Rd1 Qxa4) 44. Qc4 $15 Kg7 ({Not} 44... Qxa4 $2 45. Qg8 $18) ({Black should play} 44... Qf7 $15 45. Qb5 Kg7) 45. Qe2 $17 b6 46. Bf3 Nd5 {[#]} (46... Qf7 $17 {aiming for ...c4.} 47. Qd1 Kh7) 47. Qe6 $1 $11 {[%mdl 512]} Qxe6 48. Rxe6 {[%mdl 4096] Endgame KRB-KBN} Ne3 {Threatens to win with ...c4.} 49. Rxb6 c4 50. Rd6 Bc5 51. Rc6 Bb4 52. Be2 c3 53. Kg1 Nc2 54. Bd3 Ne1 55. Bb1 Nf3+ 56. Kg2 Ne5 57. Re6 Nc4 58. Rc6 Ne3+ 59. Kf2 Ng4+ 60. Kg2 Ne5 61. Re6 Nc4 62. Rc6 Nd6 63. Kf3 g5 64. h4 g4+ 65. Kf4 Kf6 {( -> ...c2!)} 66. Bc2 Ba3 {[%cal Ra3c1]} 67. Ke3 Bb4 $1 68. Kf4 Ba3 {[%cal Ra3c1]} 69. Ke3 Ke5 (69... Bb4 $11 {remains equal.}) 70. Rxc3 $16 Bb4 71. Rb3 Nc4+ {[#]} ({Better is} 71... Bc5+ 72. Ke2 f4) 72. Ke2 $1 f4 {[#]} 73. gxf4+ $1 Kxf4 74. Bg6 Be7 75. Bxh5 Bxh4 76. Bxg4 (76. Rb8 $16) 76... Kxg4 $11 {The position is equal.} 77. Kd3 Ne5+ 78. Kd4 Kf5 79. Kc5 Be1 80. Kb5 Ke4 81. Rb1 $1 {[%cal Rb1e1]} Bd2 82. Rb2 Bc3 83. Rb3 Bd2 (83... Bb4 $5) 84. Rb2 Bc3 (84... Bb4 $5) 85. Rb3 {Accuracy: White = 58%, Black = 56%.} 1/2-1/2

[Event "XXXIX Benasque Open 2019"]
[Site "Benasque"]
[Date "2019.07.10"]
[Round "7.2"]
[White "Piorun, Kacper"]
[Black "Sosa, Tomas"]
[Result "1/2-1/2"]
[WhiteElo "2656"]
[BlackElo "2516"]
[Annotator "TA"]
[PlyCount "63"]
[EventDate "2019.07.04"]
[EventType "swiss"]
[EventCountry "ESP"]
[SourceTitle "playchess.com"]
[Source "ChessBase"]
[SourceQuality "1"]

{[%evp 9,63,17,10,4,15,6,6,6,6,10,19,12,8,-6,41,46,35,34,39,29,47,40,54,49,52,57,62,45,47,39,51,0,47,42,42,40,56,42,75,65,75,74,78,69,78,35,49,15,29,0,63,0,7,0,65,0]} 1. Nf3 Nf6 2. c4 e6 3. Nc3 d5 4. d4 Bb4 5. cxd5 exd5 6. Bf4 {D38: Queen's Gambit Declined: Ragozin Defence (4 Nf3 Bb4)} (6. Bg5 h6 7. Bh4 O-O 8. e3 Bf5 9. Be2 Nbd7 10. Qb3 Bxc3+ 11. Qxc3 c6 12. Nd2 Ne4 13. Bxd8 Nxc3 14. bxc3 Rfxd8 15. a4 {1-0 (52) Grischuk,A (2772)-Karjakin,S (2752) Moscow 2019}) 6... O-O 7. Rc1 c6 8. e3 {The position is equal.} Bf5 9. Be2 Re8 10. O-O Nbd7 $146 ({Predecessor:} 10... Ne4 11. Nxe4 Bxe4 12. a3 Bxf3 13. Bxf3 Bd6 14. Bxd6 {½-½ (14) Plischki,S (2413)-Hrabusa,M (2386) Prague 2018}) 11. Qb3 Qa5 12. a3 Bxc3 $1 13. Qxc3 Qb6 14. Nd2 Ne4 15. Nxe4 Bxe4 16. b4 a6 17. a4 Nf8 18. Qc5 Qd8 19. Qd6 Qb6 20. Qc5 Qd8 $1 21. Bg3 Ne6 22. Qc3 Bg6 23. Rfe1 h6 24. b5 cxb5 25. axb5 a5 26. Qa3 a4 27. Bf1 Qa5 28. Red1 Rec8 $1 29. Qa2 Rd8 (29... a3 $11) 30. Qa3 (30. Ra1 $14) 30... Rdc8 $11 31. Qa2 (31. Rxc8+ $11 Rxc8 32. Ra1) 31... Rd8 $14 32. Qa3 {Accuracy: White = 64%, Black = 61%.} ({White should try} 32. Ra1 $14) 1/2-1/2

[Event "XXXIX Benasque Open 2019"]
[Site "Benasque"]
[Date "2019.07.10"]
[Round "7.3"]
[White "Admiraal, Miguoel"]
[Black "Hovhannisyan, Robert"]
[Result "0-1"]
[WhiteElo "2504"]
[BlackElo "2640"]
[Annotator "TA"]
[PlyCount "146"]
[EventDate "2019.07.04"]
[EventType "swiss"]
[EventCountry "ESP"]
[SourceTitle "playchess.com"]
[Source "ChessBase"]
[SourceQuality "1"]

{[%evp 15,146,19,10,4,18,3,0,6,16,0,0,0,0,0,37,0,0,0,0,0,0,-4,11,19,17,10,14,0,0,0,0,0,13,0,51,-27,-28,-21,-23,-8,-17,-8,-18,-19,0,-121,-113,-197,-183,-321,-318,-293,-293,-266,-72,-74,-87,-145,-127,-125,-145,-134,-129,-145,-145,-145,-145,-110,-145,-145,-145,-145,-38,-38,-38,-38,-38,-38,-38,-197,0,-22,0,-205,-205,-205,-205,-5985,-5883,-4691,-4436,-3049,-8,-1221,-8,-8,-8,-8,-8,-327,-187,-29943,-29945,-29946,-29946,-29944,-29947,-29949,-29948,-29945,-29950,-29956,-29955,-29947,-29947,-29955,-29954,-29958,-29959,-29958,-29960,-29964,-29962,-29964,-29963,-29961,-29961,-29961,-29960,-29965,-29950,-5575,-4634]} 1. e4 e5 2. Nf3 Nc6 3. Bb5 a6 4. Ba4 Nf6 5. O-O Be7 6. d3 b5 7. Bb3 O-O 8. a4 b4 9. Nbd2 {C84: Closed Ruy Lopez: Unusual White 6th moves} Bc5 10. h3 d6 11. c3 {The position is equal.} Rb8 12. Nc4 bxc3 13. bxc3 {[#]} Be6 $146 ({Predecessor:} 13... h6 14. Be3 Bxe3 15. Nxe3 Be6 {½-½ (37) Kamsky,G (2762)-Kasimdzhanov,R (2696) Tashkent 2012}) 14. Ba2 Ba7 15. Ng5 Bd7 16. Be3 Bxe3 17. Nxe3 h6 18. Nf3 Be6 19. Bxe6 fxe6 20. Rb1 Qe8 21. Rxb8 Nxb8 {[%cal Bc6b8,Bb8d7,Bd7f6,Bf6e4,Be4f2][%mdl 32]} 22. Qc2 Nh5 23. Kh2 Nd7 24. d4 Qg6 (24... Nf4 $11) 25. Ng1 (25. Rb1 $1 $14) 25... Ndf6 $11 26. dxe5 dxe5 27. Nf3 Qxe4 28. Qxe4 Nxe4 29. c4 Rf4 30. Rb1 (30. Ng4 $11) 30... Nxf2 $17 31. Rb8+ (31. Rb3 $17) 31... Kh7 $1 $19 32. Ra8 (32. Rb3 {is a better defense.}) 32... Re4 33. Ng4 Nxg4+ 34. hxg4 {[%mdl 4096] Endgame KRN-KRN} Nf6 $2 ({Inferior is} 34... Rxc4 35. gxh5 Rxa4 36. Nxe5 $16) ({Don't take} 34... Rxg4 35. Nxe5 Rh4+ 36. Kg1 $17) (34... Nf4 $1 $19 {Strongly threatening ...Re2.} 35. g3 Re2+ 36. Kh1 Nd3 37. Rxa6 e4) 35. g5 $17 Ng4+ 36. Kg3 (36. Kh3 $142) 36... Rxc4 {Threatens to win with ...h5.} 37. Rxa6 h5 38. Rxe6 Rxa4 39. Nxe5 Nxe5 40. Rxe5 {KR-KR} Rc4 $1 41. Re6 Rg4+ 42. Kh3 c5 ({Don't do} 42... Rxg5 43. Rc6 $15) 43. Re5 c4 (43... Rc4 $1 $17 44. Re6 Rg4) 44. Rc5 $15 Kg6 45. g3 Rd4 46. Kg2 Rd2+ 47. Kh3 $2 (47. Kf3 $15) 47... Rd4 $2 (47... Rc2 $19 {And now ...Rc1 would win.} 48. g4 Rc1) 48. Kg2 $11 Rd2+ $2 (48... Kh7 $11) 49. Kh3 $19 Rc2 50. g4 Rc1 51. gxh5+ $2 (51. Rc6+ Kxg5 52. Rc5+ Kf6 53. Rc6+ Ke5 54. gxh5) 51... Kxh5 52. Kg3 g6 53. Kf4 {[#]} Rg1 $2 (53... Kh4 $1 $19 54. Rc7 Rf1+ 55. Ke3 Kxg5 56. Rxc4 Kh5) 54. Ke3 $2 {[%mdl 8192]} (54. Kf3 $11) 54... Rg4 $2 ({Black should play} 54... Rg3+ $19 55. Kf2 Rc3) 55. Kf2 $1 $11 Kh4 56. Kf1 $1 Re4 57. Kg2 $2 {[%mdl 8192]} (57. Kf2 $11 {and White is okay.}) 57... Rf4 $19 58. Kh2 $2 (58. Kg1 $19) 58... Rg4 59. Kh1 Kh3 60. Rc6 {[#]} Kg3 $1 61. Kg1 Kh4+ 62. Kf2 Kxg5 63. Kf3 Rh4 64. Rc5+ Kh6 65. Kg3 Rd4 66. Kh3 g5 67. Rc8 Kh5 68. Rh8+ Kg6 69. Kg3 Kf5 70. Kf3 Rf4+ 71. Ke3 Kg4 72. Rg8 Kh4 73. Rg7 c3 {Accuracy: White = 38%, Black = 58%.} 0-1

[Event "XXXIX Benasque Open 2019"]
[Site "Benasque"]
[Date "2019.07.10"]
[Round "7.4"]
[White "Pulvett Marin, Daniel Eduardo"]
[Black "Banusz, Tamas"]
[Result "1-0"]
[WhiteElo "2474"]
[BlackElo "2626"]
[Annotator "TA"]
[PlyCount "61"]
[EventDate "2019.07.04"]
[EventType "swiss"]
[EventCountry "ESP"]
[SourceTitle "playchess.com"]
[Source "ChessBase"]
[SourceQuality "1"]

{[%evp 10,85,9,5,33,21,28,0,0,0,0,0,0,0,24,8,39,21,35,39,43,38,27,41,43,33,102,93,87,80,97,93,85,65,71,79,75,72,93,88,80,102,104,65,66,75,223,222,223,223,225,224,323,246,246,246,247,246,246,246,246,241,225,234,227,208,216,124,118,123,228,228,269,269,269,269,724,724]} 1. d4 Nf6 2. c4 e6 3. Nf3 Bb4+ 4. Nbd2 O-O 5. a3 Be7 6. e4 d6 {E11: Bogo-Indian} (6... d5 7. e5 Nfd7 8. Bd3 c5 9. h4 g6 10. O-O Nc6 11. Nb3 dxc4 12. Bxc4 cxd4 13. Re1 a5 14. Bh6 Re8 15. Rc1 Nb6 {1-0 (39) Ding,L (2804)-Saric,I (2689) Batumi 2018}) 7. Qc2 Nfd7 8. Nb1 e5 {The position is equal.} 9. Nc3 $146 ({Predecessor:} 9. d5 a5 10. Nc3 Nc5 11. Be3 Nba6 12. Be2 f5 13. O-O Qe8 14. b3 {½-½ (79) Hesham,A (2372)-Vidit,S (2692) Khanty-Mansiysk 2017}) 9... Nc6 10. Be3 exd4 11. Nxd4 Bg5 12. Bxg5 Qxg5 13. Ndb5 Qd8 14. Nd5 a6 $1 {[%cal Ra6b5]} 15. Nbxc7 Ra7 $1 16. b4 {[%cal Bb2b4,Bb4b5][%mdl 32]} b6 $1 17. b5 Nd4 (17... Ne7 $1 $14) 18. Qc3 $16 Ne6 19. Nxa6 Bxa6 20. bxa6 Nec5 21. Bd3 Nxd3+ 22. Qxd3 Nc5 23. Qe3 Nxe4 24. O-O ({Stronger than} 24. Qxe4 Re8 $17) 24... Nc5 25. Nb4 Qc7 26. Rad1 Nxa6 27. Nd5 $36 {[%mdl 2048] White is in control.} Qxc4 (27... Qc5 $16 {was called for.}) 28. Rd4 $1 $18 {[%cal Rd4c4]} ({Weaker is} 28. Qxb6 Qc5 $14) 28... Qc2 {[#]} 29. Nf6+ $1 {[%mdl 576] Discovered Attack} Kh8 {[#]} (29... gxf6 30. Rg4+) 30. Rh4 $1 Nc5 {[#]} (30... gxf6 $142 31. Qh6 Kg8) 31. Rc1 {Played: Qe3-d2} 1-0

[Event "XXXIX Benasque Open 2019"]
[Site "Benasque"]
[Date "2019.07.10"]
[Round "7.5"]
[White "Deac, Bogdan-Daniel"]
[Black "Gordon, Stephen J"]
[Result "1-0"]
[WhiteElo "2621"]
[BlackElo "2516"]
[Annotator "RC"]
[PlyCount "101"]
[EventDate "2019.07.04"]
[EventType "swiss"]
[EventCountry "ESP"]
[SourceTitle "playchess.com"]
[Source "ChessBase"]
[SourceQuality "1"]
[TimeControl "5400+30"]

1. e4 {[%emt 0:00:00]} c5 {[%emt 0:03:54]} 2. Nc3 {[%emt 0:00:00]} Nc6 {[%emt 0:02:13]} 3. Nf3 {[%emt 0:00:00]} e6 {[%emt 0:00:13]} 4. d4 {[%emt 0:00:00]} cxd4 {[%emt 0:00:06]} 5. Nxd4 {[%emt 0:00:00]} Qc7 {[%emt 0:00:05]} 6. Be3 {[%emt 0:00:06]} a6 {[%emt 0:00:37]} 7. Qf3 {[%emt 0:00:06]} Nf6 {[%emt 0:01:21]} 8. O-O-O {[%emt 0:00:04]} Ne5 {[%emt 0:00:43]} 9. Qg3 {[%emt 0:00:10]} b5 {[%emt 0:00:36]} 10. a3 {[%emt 0:00:25]} Bb7 {[%emt 0:00:26]} 11. Bxb5 {[%emt 0:00:10]} Rc8 {[%emt 0:00:41]} 12. Ba4 {[%emt 0:00:10]} Nxe4 {[%emt 0:00:43]} 13. Nxe4 {[%emt 0:00:07]} Bxe4 {[%emt 0:00:09]} 14. Bf4 {[%emt 0:00:03]} Qa5 {[%emt 0:00:43]} 15. Bxe5 {[%emt 0:00:08]} Qxa4 {[%emt 0:00:11]} 16. Rd2 {[%emt 0:00:05]} h5 {[%emt 0:05:43]} 17. Re1 {[%emt 0:00:09]} Bg6 {[%emt 0:02:52]} 18. Bd6 {[%emt 0:02:40]} Qc4 {[%emt 0:16:00]} 19. b3 {[%emt 0:06:21]} Bxd6 {[%emt 0:03:36]} 20. Qxd6 {[%emt 0:00:19]} Qc7 {[%emt 0:02:06]} 21. Qxc7 {[%emt 0:08:06]} Rxc7 {[%emt 0:00:05]} 22. f4 {[%emt 0:00:05]} Kd8 {[%emt 0:13:13]} 23. Re5 {[%emt 0:02:05]} Kc8 {[%emt 0:04:53]} 24. Ra5 {[%emt 0:11:11]} Kb7 {[%emt 0:01:16]} 25. f5 {[%emt 0:00:05]} exf5 {[%emt 0:06:37]} 26. Nxf5 {[%emt 0:00:10]} Bxf5 {[%emt 0:00:42]} 27. Rxf5 {[%emt 0:00:08]} f6 {[%emt 0:00:11]} 28. Rfd5 {[%emt 0:09:58]} Kc8 {[%emt 0:01:49]} 29. h4 {[%emt 0:00:22]} Rh6 {[%emt 0:04:14]} 30. Kb2 {[%emt 0:04:40]} g5 {[%emt 0:11:20]} 31. Rd6 {[%emt 0:31:12]} Rc6 {[%emt 0:07:21]} 32. Rxd7 {[%emt 0:05:52]} gxh4 {[%emt 0:00:50]} 33. R7d4 {[%emt 0:00:06]} Rg6 {[%emt 0:02:19]} 34. Rxh4 {[%emt 0:02:27]} Rg5 {[%emt 0:00:01]} 35. g3 {[%emt 0:06:39]} Rxg3 {[%emt 0:06:00]} 36. Rxh5 {[%emt 0:00:05]} Rg7 {[%emt 0:00:31]} 37. Rh8+ {[%emt 0:01:30]} Kc7 {[%emt 0:00:47]} 38. Rf8 {[%emt 0:01:50]} Rd7 {[%emt 0:02:28]} 39. Rf2 {[%emt 0:05:58]} Rdd6 {[%emt 0:00:01]} 40. Rf7+ {[%emt 0:00:37]} Kb6 {[%emt 0:00:23]} 41. a4 {[%emt 0:01:03]} a5 {[%emt 0:01:47]} 42. Rf8 {[%emt 0:01:03]} Kb7 {[%emt 0:00:32]} 43. Rh8 {[%emt 0:01:35]} Rd5 {[%emt 0:00:30]} 44. Rh7+ {[%emt 0:03:30]} Kb6 {[%emt 0:00:06]} 45. Rf7 {[%emt 0:00:09]} Rdc5 {[%emt 0:00:24]} 46. Rf8 {[%emt 0:00:50]} Rc3 {[%emt 0:01:08]} 47. Rb8+ {[%emt 0:00:15]} Ka6 {[%emt 0:00:11]} 48. Rb5 {[%emt 0:00:09]} Re3 {[%emt 0:00:39]} 49. Rff5 {[%emt 0:00:08]} Re2 {[%emt 0:00:42]} 50. Rxa5+ {[%emt 0:00:12]} Kb6 {[%emt 0:00:02]} 51. Rab5+ {[%emt 0:00:11]} 1-0